Normal view
MARC view
- Radford,andrew تأليف/Atkinson,Martin تأليف/Britain,David تأليف
Entry Personal Name
001 - CONTROL NUMBER
- control field: 2629
003 - CONTROL NUMBER IDENTIFIER
- control field: JO-AjAnu
005 - DATE AND TIME OF LATEST TRANSACTION
- control field: 20230606070732.0
008 - FIXED-LENGTH DATA ELEMENTS
- fixed length control field: 230606|| aca||aabn | a|a d
040 ## - CATALOGING SOURCE
- Original cataloging agency: JO-AjAnu
- Transcribing agency: JO-AjAnu
100 ## - HEADING--PERSONAL NAME
- Personal name: Radford,andrew تأليف/Atkinson,Martin تأليف/Britain,David تأليف
670 ## - SOURCE DATA FOUND
- Source citation: Work cat.: (JO-AjAnu)1374: Radford,andrew تأليف/Atkinson,Martin تأليف/Britain,David تأليف, author, Linguistics An Introduction